| 000 | 00878nac a22002777a 4500 | ||
|---|---|---|---|
| 001 | BR9606048 | ||
| 003 | BR-BrBNA | ||
| 005 | 20240105121739.0 | ||
| 008 | 230509b bl.|||m| |||| 00| 0 por d | ||
| 040 |
_aBR-BrBNA _bpor _cBiblioteca Nacional de Agricultura |
||
| 072 | _aF01 | ||
| 090 | _a0337 BR9606048 | ||
| 100 | 1 | _aBevitori, R. | |
| 100 | 1 | _aAntal, J.B. | |
| 110 | 1 |
_aCentro Nacional da Pesquisa em Arroz e Feijao, Goiania, GO (Brasil) _91704 |
|
| 245 | 1 | _aEpoca de semeadura do girassol no estado de Goias | |
| 260 | 3 |
_aGoiania, GO (Brasil): _c1995. |
|
| 300 | _a13 p. | ||
| 490 |
_aComunicado Tecnico - Centro Nacional de Pesquisa de Arroz e Feijao (Brazil) _vno. 31 _x |
||
| 500 | _a14 ref.; 9 tables | ||
| 650 | _aGirassol | ||
| 650 | _aEpoca de Semeadura | ||
| 650 | _aGoias | ||
| 909 |
_a202312 _bLúcia Elande _c55 _dLúcia Elande |
||
| 942 |
_2AGRIS _n0 _cMS |
||
| 999 |
_c287195 _d287195 |
||